О методе контроля общего альфа-загрязнения поверхности ТВЭЛа; Физико-технические проблемы в науке, промышленности и медицине

Chi tiết về thư mục
Parent link:Физико-технические проблемы в науке, промышленности и медицине.— 2022.— [С. 47-48]
Tác giả chính: Хорохорин Д. М.
Tác giả của công ty: Национальный исследовательский Томский политехнический университет Инженерная школа ядерных технологий Отделение ядерно-топливного цикла
Tác giả khác: Хан В. А. Валерий Алексеевич, Литвинов И. И.
Tóm tắt:Заглавие с экрана
Ngôn ngữ:Tiếng Nga
Được phát hành: 2022
Loạt:Ядерные установки, перспективные ядерные топливные циклы и технологии
Những chủ đề:
Truy cập trực tuyến:http://earchive.tpu.ru/handle/11683/74517
Định dạng: Điện tử Chương của sách
KOHA link:https://koha.lib.tpu.ru/cgi-bin/koha/opac-detail.pl?biblionumber=635440

MARC

LEADER 00000naa2a2200000 4500
001 635440
005 20240129094602.0
035 |a (RuTPU)RU\TPU\conf\37293 
035 |a RU\TPU\conf\37292 
090 |a 635440 
100 |a 20230124d2022 k y0rusy50 ca 
101 0 |a rus 
102 |a RU 
105 |a y z 101zy 
135 |a drgn ---uucaa 
181 0 |a i  
182 0 |a b 
200 1 |a О методе контроля общего альфа-загрязнения поверхности ТВЭЛа  |f Д. М. Хорохорин, В. А. Хан, И. И. Литвинов 
203 |a Текст  |c электронный 
225 1 |a Ядерные установки, перспективные ядерные топливные циклы и технологии 
300 |a Заглавие с экрана 
463 0 |0 (RuTPU)RU\TPU\conf\36995  |t Физико-технические проблемы в науке, промышленности и медицине  |o сборник тезисов докладов XI Международной научно-практической конференции, г. Томск, 07–09 сентября 2022 г.  |f Национальный исследовательский Томский политехнический университет, Инженерная школа ядерных технологий ; ред. кол. А. Г. Горюнов, О. Ю. Долматов, А. О. Семенов, Е. С. Сухих  |v [С. 47-48]  |d 2022 
610 1 |a труды учёных ТПУ 
610 1 |a электронный ресурс 
610 1 |a методы контроля 
610 1 |a альфа-загрязнения 
610 1 |a поверхности 
610 1 |a ТВЭЛы 
610 1 |a газовые среды 
700 1 |a Хорохорин  |b Д. М. 
701 1 |a Хан  |b В. А.  |c физик  |c доцент Томского политехнического университета, доктор технических наук  |f 1952-  |g Валерий Алексеевич  |3 (RuTPU)RU\TPU\pers\31144  |9 15340 
701 1 |a Литвинов  |b И. И. 
712 0 2 |a Национальный исследовательский Томский политехнический университет  |b Инженерная школа ядерных технологий  |b Отделение ядерно-топливного цикла  |3 (RuTPU)RU\TPU\col\23554 
801 2 |a RU  |b 63413507  |c 20230201  |g RCR 
856 4 |u http://earchive.tpu.ru/handle/11683/74517 
942 |c BK